Guess the Football Club Logo - Asia/AFC#2 - Statistics

General Stats
  • This quiz has been taken 17 times
    15 since last reset
  • The average score is 7 of 12
Answer Stats
Picture Hint Answer % Correct
Saudi Arabia Al Nassr
100%
United Arab Emirates (UAE) Al Ain FC
86%
Japan Urawa Red Diamonds
71%
Qatar Al Duhail SC
57%
South Korea Jeonbuk Hyundai Motors
57%
China PR Beijing Guoan
50%
Japan Gamba Osaka
50%
India Mohun Bagan Super Giant
50%
Thailand Buriram United
43%
China PR Shandong Taishan
43%
India Kerala Blasters
36%
Tajikistan Pakhtakor Tashkent FK
29%
No matching quizzes found
Score Distribution
Percent of People with Each Score
Percentile by Number Answered
Your Score History
You have not taken this quiz since the last reset